Music Quiz

Random Music Quiz
Score 0/222 Timer 10:00
0 Plays Today
lyrics Answer % Correct
We
100%
heard
100%
you
100%
want
100%
to
100%
get
100%
together
100%
we
100%
heard
100%
you
100%
want
100%
to
100%
rock
100%
the
100%
school
100%
weve
100%
thought
100%
of
100%
something
100%
that
100%
is
100%
better
100%
something
100%
that
100%
all
100%
the
100%
rules
100%
Why
100%
pretend
100%
were
100%
all
100%
the
100%
same
100%
when
100%
some
100%
of
100%
us
100%
shine
100%
brighter
100%
a
100%
to
100%
your
100%
are
100%
you
100%
a
100%
loser
100%
or
100%
a
100%
fighter
100%
Me
100%
and
100%
You
100%
You
100%
and
100%
Me
100%
why
100%
we
100%
see
100%
who
100%
is
100%
better
100%
We
100%
have
100%
To
100%
be
100%
one
100%
And
100%
the
100%
same
100%
so
100%
a
100%
are
100%
you
100%
afraid
100%
lyrics Answer % Correct
of
100%
failing
100%
The
100%
a
100%
and
100%
you
100%
it
100%
you
100%
the
100%
It
100%
doesnt
100%
matter
100%
who
100%
You
100%
hurt
100%
if
100%
The
100%
best
100%
battle
100%
You
100%
it
100%
Let's
100%
have
100%
a
100%
battle
100%
Battle
100%
of
100%
The
100%
bands
100%
Lets
100%
have
100%
a
100%
battle
100%
Well
100%
go
100%
all
100%
in
100%
It
100%
Let's
100%
have
100%
a
100%
battle
100%
Battle
100%
Battle
100%
battle
100%
of
100%
the
100%
Bands
100%
Battle
100%
Me
100%
and
100%
you
100%
you
100%
and
100%
me
100%
Why
100%
We
100%
We
100%
see
100%
who
100%
is
100%
better
100%
have
100%
to
100%
be
100%
One
100%
and
100%
the
100%
same
100%
so
100%
A
100%
and
100%
the
100%
Battle
100%
lyrics Answer % Correct
we
100%
in
100%
Let's
100%
have
100%
a
100%
battle
100%
Battle
100%
of
100%
the
100%
bands
100%
Lets
100%
have
100%
a
100%
battle
100%
well
100%
go
100%
all
100%
In
100%
it
100%
Lets
100%
have
100%
a
100%
battle
100%
battle
100%
battle
100%
battle
100%
Of
100%
the
100%
bands
100%
changes
87.5%
Heres
87.5%
chance
87.5%
find
87.5%
dont
87.5%
dont
87.5%
thing
87.5%
oh
87.5%
whats
87.5%
Wrong
87.5%
with
87.5%
little
87.5%
competition
87.5%
audition
87.5%
youre
87.5%
star
87.5%
should
87.5%
know
87.5%
Yeah
87.5%
rise
87.5%
above
87.5%
rest
87.5%
youre
87.5%
just
87.5%
proving
87.5%
youre
87.5%
wanna
87.5%
win
87.5%
dont
87.5%
dont
87.5%
thing
87.5%
Oh
87.5%
whats
87.5%
wrong
87.5%
with
87.5%
little
87.5%
competition
87.5%
audition
87.5%
wanna
87.5%
win
87.5%
flame
75%
going
75%
out
75%
winning
75%
I'm
62.5%
Remove Ads.
Support Sporcle.
Get the best of Sporcle when you Go Orange. This ad-free experience offers more features, more stats, and more fun while also helping to support Sporcle. Thank you for becoming a member.

You're not logged in!

Compare scores with friends on all Sporcle quizzes.
OR
Log In

Show Comments

Extras

Created Dec 27, 2014ReportNominate
Tags:battle, let

Top Quizzes Today


Score Distribution

Your Account Isn't Verified!

In order to create a playlist on Sporcle, you need to verify the email address you used during registration. Go to your Sporcle Settings to finish the process.

Report this User

Report this user for behavior that violates our Community Guidelines.

Details: